000 00703nam a2200241Ia 4500
003 OSt
005 20220923223836.0
006 a|||||r|||| 00| 0
007 ta
008 220922b |||||||| |||| 00| 0 hin d
024 _a222,152
037 _cTextual
040 _aARTS
_cARTS
_bhin
041 _2hin
_ahin
082 _aBxK23w, 152P4
100 _aमुळे, गुणाकर
_9156291
245 0 _aपास्कल
246 _aPāskala
260 _aनयी दिल्ली
_b राजकमल प्रकाशन
_c2004
300 _a83 पृ.
_ccm.
942 _hBxK23w, 152P4
_cTEXL
_2CC
999 _c367652
_d367652